[Event "1st Easter Festival-A 2021"]
[Site "Bassano del Grappa"]
[Date "2021.04.04"]
[Round "7.7"]
[White "Schreiner, Peter"]
[Black "Maerevoet, Sim"]
[Result "1/2-1/2"]
[WhiteElo "2458"]
[BlackElo "2381"]
[Annotator "TA"]
[PlyCount "46"]
[EventDate "2021.04.01"]
[EventType "swiss"]
[EventCountry "ITA"]
[SourceTitle "playchess.com"]
[Source "ChessBase"]
[SourceQuality "1"]

{[%evp 11,46,0,0,-8,-2,-8,-10,0,41,0,0,0,0,-1,22,39,14,8,11,18,27,0,0,0,0,0,0,0,0,0,0,0,0,0,0,0,0]} 1. c4 e6 2. g3 d5 3. d4 Nf6 4. Bg2 dxc4 5. Nf3 c6 6. O-O b5 7. Ne5 {E04: Open Catalan: 5 Nf3.} Bb7 8. b3 cxb3 $1 9. axb3 Nbd7 (9... a5 {is more complex.} 10. Nc3 Qb6 11. Bf4 Be7 12. e3 Na6) 10. Nd2 {[%cal Bb1d2,Bd2f3,Bf3e5][%mdl 32] [#]} (10. Nxc6 {with more complications.} Qb6 11. d5 Bc5 12. Nc3 O-O 13. Bb2) 10... Qc8 $146 ({Predecessor:} 10... a5 11. Bb2 Qc7 12. Rc1 Ra6 13. Qc2 Bb4 14. Nxd7 Qxd7 15. Nf3 Qe7 16. Ne5 O-O {½-½ (29) Andeer,S (2474)-Gunkel,W (2377) ICCF email 2014}) 11. Nxd7 Qxd7 12. Nf3 c5 13. Bb2 Bd5 14. Ne5 Qb7 15. Bxd5 Qxd5 16. dxc5 Bxc5 {The position is equal.} 17. Qxd5 Nxd5 18. Nd3 $36 {[%mdl 2048] White has the initiative.} Bb6 19. Bxg7 Rg8 20. Bb2 Ke7 21. Ba3+ Kf6 22. Bb2+ Ke7 $1 23. Ba3+ Kf6 {An uneventful encounter.  Weighted Error Value: White=0.04/Black=0.04} 1/2-1/2

[Event "1st Easter Festival-A 2021"]
[Site "Bassano del Grappa"]
[Date "2021.04.04"]
[Round "7.8"]
[White "Dardha, Daniel"]
[Black "Gilevych, Artem"]
[Result "1-0"]
[WhiteElo "2516"]
[BlackElo "2408"]
[Annotator "TA"]
[PlyCount "53"]
[EventDate "2021.04.01"]
[EventType "swiss"]
[EventCountry "ITA"]
[SourceTitle "playchess.com"]
[Source "ChessBase"]
[SourceQuality "1"]

{[%evp 25,53,29,15,20,19,21,37,27,67,68,108,108,166,166,163,162,162,167,162,168,164,173,364,207,289,228,881,889,29986,29987]} 1. c4 c5 2. Nc3 Nc6 3. Nf3 Nd4 4. Ng1 e6 5. e3 Nc6 6. Nf3 Nf6 7. d4 d5 8. cxd5 exd5 9. Be2 a6 10. O-O Bd6 11. dxc5 Bxc5 12. Nd4 O-O 13. Nxc6 bxc6 14. b3 {D32: Tarrasch Defence: Sidelines and lines without g3.} Bd6 15. Bb2 Qc7 16. g3 {[#] White is slightly better.} h5 $146 ({Predecessor:} 16... Bh3 17. Re1 Rfe8 18. Rc1 Re6 19. Bf3 Qe7 20. Na4 Bb4 21. Re2 Bf5 22. Qd4 a5 23. Nc5 Bxc5 24. Rxc5 h6 25. Re1 a4 {½-½ (40) Maiorov,N (2583)-Lalic,B (2450) Cap d'Agde 2014}) 17. Rc1 h4 18. Qd4 {Hoping for Nxd5!} hxg3 {[#]} (18... Be5 $16 {was called for.} 19. Qxh4 Re8) 19. Nxd5 $1 $18 {[%mdl 576] Pin} gxh2+ 20. Kh1 Qd8 21. Nxf6+ Qxf6 22. Qxf6 $40 {[%mdl 128] Black is in trouble.} gxf6 23. Bxf6 Bf5 $2 (23... Re8 24. Bf3 Re6) 24. Bf3 (24. Rfd1 $142 Bc7 25. Rc5 Be4+ 26. f3) 24... Rac8 25. Rfd1 (25. Rxc6 Rxc6 26. Bxc6 Rc8 $16) 25... Bb8 (25... Bc7 26. Rc5 (26. Bxc6 Bd8 $16) (26. Rxc6 Bb8 $18) 26... Bg6) 26. Rc5 Bg6 27. Rd4 {Black did not feel at home in the position after the opening.  Weighted Error Value: White=0.21/Black=1.16} 1-0

[Event "1st Easter Festival-A 2021"]
[Site "Bassano del Grappa"]
[Date "2021.04.04"]
[Round "7.9"]
[White "Shetty, Atulya"]
[Black "Krastev, Alexander"]
[Result "1-0"]
[WhiteElo "2447"]
[BlackElo "2367"]
[Annotator "TA"]
[PlyCount "58"]
[EventDate "2021.04.01"]
[EventType "swiss"]
[EventCountry "ITA"]
[SourceTitle "playchess.com"]
[Source "ChessBase"]
[SourceQuality "1"]

{[%evp 16,58,6,8,15,17,21,11,22,17,28,33,23,32,104,93,91,100,93,93,93,103,89,93,93,93,93,93,147,100,135,112,124,87,101,93,93,95,118,118,133,125,131,126,179]} 1. c4 e5 2. g3 Nf6 3. Bg2 d5 4. cxd5 Nxd5 5. Nc3 Nxc3 6. bxc3 Nc6 7. d3 Bc5 8. Nf3 O-O 9. O-O Rb8 {A29: English Opening: Four Knights Variation with 4 g3.} 10. a4 {[%cal Ba2a4,Ba4a5][%mdl 32] is the new trend.} b6 11. a5 Bb7 {[#] The position is equal.} 12. Qa4 $146 ({Predecessor:} 12. axb6 axb6 13. Qc2 h6 14. Bb2 Bd6 15. Nh4 Qf6 16. e4 Rfe8 17. Rad1 b5 18. Nf5 {½-½ (35) Kharlamov,V (2496)-Nekhaev,A (2499) ICCF email 2017}) 12... e4 13. Ng5 {[#] Hoping for axb6.} ({Don't blunder} 13. Qxe4 $2 {[#]} Nd4 $1 $19 {[%mdl 512]}) 13... exd3 14. exd3 $40 {[%mdl 128] White mounts an attack.} ({Reject} 14. Bxc6 dxe2 15. Re1 Qf6 $15) 14... Be7 15. Bxc6 $16 Bxg5 16. Bxg5 Qxg5 17. Bxb7 Rxb7 18. Qc6 Rbb8 19. Qxc7 Rbc8 20. Qxa7 bxa5 21. c4 Rfd8 (21... Qf5 $142) 22. Rfd1 Qg6 23. Qe3 h6 24. h4 Qg4 25. Re1 Qf5 26. Ra3 Rd6 27. Qe5 Qd7 28. Re3 a4 29. Qe7 Rb8 {Black got outplayed after the opening.  Weighted Error Value: White=0.06/Black=0.12} (29... Qxe7 $16 {was worth a try.} 30. Rxe7 Ra8) 1-0

[Event "1st Easter Festival-A 2021"]
[Site "Bassano del Grappa"]
[Date "2021.04.04"]
[Round "7.10"]
[White "Fischer, Daniel"]
[Black "Travadon, Loic"]
[Result "0-1"]
[WhiteElo "2276"]
[BlackElo "2414"]
[Annotator "TA"]
[PlyCount "74"]
[EventDate "2021.04.01"]
[EventType "swiss"]
[EventCountry "ITA"]
[SourceTitle "playchess.com"]
[Source "ChessBase"]
[SourceQuality "1"]

{[%evp 12,74,41,33,21,36,33,24,22,38,48,38,26,28,50,11,23,15,42,29,20,20,21,-43,-41,-56,-56,-59,-12,-37,-31,-100,-41,-54,-24,-29,-59,-41,-48,-18,0,-18,0,-12,0,-52,-36,-52,-27,-47,-38,-220,-223,-218,-235,-29955,-29956,-5414,0,-5414,-5414,-29984,-29985,-29985,-29986]} 1. e4 c5 2. Nf3 Nc6 3. d4 cxd4 4. Nxd4 Nf6 5. Nc3 e6 6. Ndb5 Bc5 7. Bf4 O-O {B45: Sicilian Four Knights.} 8. Bc7 Qe7 9. Bd6 $1 {[%cal Rd6e7]} Bxd6 {White has an edge.} 10. Qxd6 Qd8 $1 {10...Qd8 scores better than 10...Ne8.} 11. O-O-O a6 12. Nd4 Ne7 13. Nb3 Ne8 {[#]} 14. Qd2 $146 ({Predecessor:} 14. Qg3 d6 15. f4 b5 16. Bd3 b4 17. Ne2 a5 18. Kb1 a4 19. Nbc1 Qb6 20. Rhf1 {1-0 (99) Mukhutdinov,T (2286)-Perrine,D (2247) Chess.com INT 2020}) 14... d6 15. h4 b5 16. h5 b4 17. Ne2 (17. Na4 $11) 17... a5 $15 18. h6 g6 19. Kb1 a4 20. Nbd4 Qb6 21. f4 (21. Qg5 $15 Ra7 22. Ng3) 21... Nf6 (21... a3 $17 {Threatens to win with ...Nf6.} 22. b3 Nf6) 22. Ng3 d5 23. e5 Ne4 24. Nxe4 dxe4 25. Nb5 $1 b3 26. cxb3 axb3 {...Nf5 is the strong threat.} 27. a3 $1 Ba6 $36 {[%mdl 2048] Black has the initiative.} 28. Nd6 (28. Qd4 $11 Rfd8 29. Nd6 Qxd4 30. Rxd4) 28... e3 29. Qe1 Nd5 30. Bxa6 Rxa6 ({But not} 30... Qxa6 $6 31. Rxd5 $1 exd5 32. Qxe3 $14) 31. f5 $2 (31. g3 $15) 31... Qc5 $19 32. Rc1 Qd4 {Hoping for ...Qd3+.} 33. fxe6 $2 {[#]} (33. Qe2 $19 Ra7 34. fxg6 fxg6 35. Qc4 Qxe5 36. Nb5) 33... Qd3+ $1 34. Ka1 {[#]} Rxa3+ $3 {[%mdl 576] Promotion} 35. bxa3 b2+ $1 {[%mdl 64] Double Attack, Discovered Attack} 36. Ka2 bxc1=N+ 37. Qxc1 fxe6 {Weighted Error Value: White=0.69/Black=0.08} 0-1

[Event "1st Easter Festival-A 2021"]
[Site "Bassano del Grappa"]
[Date "2021.04.04"]
[Round "8.1"]
[White "Niemann, Hans Moke"]
[Black "Bjerre, Jonas Buhl"]
[Result "1/2-1/2"]
[WhiteElo "2526"]
[BlackElo "2549"]
[Annotator "TA"]
[PlyCount "116"]
[EventDate "2021.04.01"]
[EventType "swiss"]
[EventCountry "ITA"]
[SourceTitle "playchess.com"]
[Source "ChessBase"]
[SourceQuality "1"]

{[%evp 14,116,43,50,49,60,57,50,49,57,58,45,56,57,55,28,16,10,4,11,11,0,0,0,0,0,0,-48,0,-158,-158,-158,-158,-158,-159,-151,-152,-152,-152,-158,-158,-162,-162,-161,-163,-163,-163,-162,-162,-162,-162,-162,-162,-168,-168,-189,-184,-177,-175,-166,-105,-112,-89,-89,-89,-89,-89,-89,-79,-79,-79,-79,-79,-79,-77,-77,-77,-77,-77,-77,-77,-77,-77,-77,-77,-77,-77,-85,0,0,0,0,0,0,0,0,0,0,0,0,0,0,0,0,0]} 1. d4 Nf6 2. c4 e6 3. Nf3 d5 4. g3 dxc4 5. Bg2 a6 6. O-O Nc6 7. e3 Rb8 8. Nfd2 e5 {E04: Open Catalan: 5 Nf3.} 9. Bxc6+ bxc6 10. dxe5 Ng4 {White is slightly better.} 11. Nxc4 Be6 {And now ...Qxd1 would win.} 12. Nbd2 Bb4 13. b3 h5 {Threatening ...h4.} 14. h3 Bc3 15. Ba3 (15. hxg4 Bxa1 16. Ba3 Bc3 $17) 15... Bxa1 16. Qxa1 h4 $1 {[%cal Rh4g3]} 17. hxg4 hxg3 18. Nf3 ({Of course not} 18. fxg3 Bxc4 19. Rf2 (19. Nxc4 $2 Qd5 $19) 19... Be6 $17) 18... Qd3 {Strongly threatening ...g2.} 19. Ncd2 Rd8 $40 {[%mdl 128] Black is up to no good.} ({Wrong is} 19... Qh7 $2 20. fxg3 Bxg4 21. Nh4 $18) 20. Qb1 {[#]} ({Not} 20. fxg3 $2 Qxe3+ 21. Rf2 Rxd2 $1 $19 {[%mdl 512]}) 20... gxf2+ $146 (20... Qe2 $5 {[%cal Rd8d2]} 21. Qe1 Qxe1 22. Rxe1 gxf2+ 23. Kxf2 Rxd2+ $1 24. Nxd2 Rh2+ 25. Kf3 Rxd2 $15) ({Predecessor:} 20... Qe2 21. Qe1 Qxe1 22. Rxe1 gxf2+ 23. Kxf2 Rxd2+ 24. Nxd2 Rh2+ 25. Kf1 Rxd2 26. Re2 Rxe2 27. Kxe2 Bxg4+ {½-½ (37) Li,E (2306)-Yan,R (2093) Chess.com INT 2021}) 21. Kxf2 $2 {[#]} (21. Kg2 $1 $11) 21... Rh2+ $3 $17 {[%mdl 576] Deflection} 22. Nxh2 Qxd2+ 23. Kg1 Qxe3+ {[%mdl 64] Double Attack} 24. Rf2 {Hoping for Qc1.} Rd2 25. Qf1 Bd5 {( -> ...Qg3+)} 26. Nf3 Rxa2 {...Bxf3 is the strong threat.} 27. Bc1 Rxf2 28. Bxe3 Rxf1+ 29. Kxf1 Bxf3 $19 {[%mdl 4096] Endgame KB-KB} 30. g5 Kd7 31. Kf2 Bd1 32. b4 Ke6 33. Bd4 g6 34. Ke3 Kf5 35. Kd2 Ba4 36. Be3 Kxe5 (36... c5 $19 37. Bxc5 Kxg5) 37. Kc3 $17 f5 {aiming for ...f4.} 38. gxf6 Kxf6 39. Bf4 Kf5 40. Bxc7 g5 41. Kd4 Kg4 42. Ke3 Kh3 43. Kf2 g4 44. Bd6 Bb5 45. Bc7 Bc4 46. Bd6 Kh4 47. Bc7 Bd3 48. Bg3+ Kh3 49. Bc7 Bb5 50. Bd6 a5 (50... Ba4 $17) 51. bxa5 $11 {The position is equal.} Ba6 52. Bc5 g3+ 53. Kf3 Bb7 54. Kf4 Kh2 55. Ke5 g2 56. Kd6 g1=Q 57. Bxg1+ Kxg1 58. Kc7 Ba6 {White happily takes the draw.  Weighted Error Value: White=0.07/Black=0.05} 1/2-1/2

[Event "1st Easter Festival-A 2021"]
[Site "Bassano del Grappa"]
[Date "2021.04.04"]
[Round "8.2"]
[White "Dardha, Daniel"]
[Black "Checa, Nicolas"]
[Result "0-1"]
[WhiteElo "2516"]
[BlackElo "2546"]
[Annotator "TA"]
[PlyCount "72"]
[EventDate "2021.04.01"]
[EventType "swiss"]
[EventCountry "ITA"]
[SourceTitle "playchess.com"]
[Source "ChessBase"]
[SourceQuality "1"]

{[%evp 10,72,25,17,36,25,20,8,8,8,8,10,18,9,2,4,0,5,3,7,7,-31,4,20,6,6,6,6,12,3,39,29,31,20,32,0,0,0,0,0,0,0,0,-21,-29,-21,-22,-16,-18,-47,-43,-50,-48,-59,-62,-99,-100,-93,-82,-69,-68,-71,-71,-29989,-29990]} 1. c4 c6 2. Nf3 d5 3. e3 Nf6 4. Nc3 a6 5. d4 Bf5 6. Qb3 b5 {D15: Slav Defence: 4 Nc3 a6 and gambit lines after 4 Nc3 dxc4.} 7. cxd5 cxd5 8. a4 b4 {[%cal Rb4c3] The position is equal.} 9. Qxb4 {Threatens to win with Qb7.} Nc6 $1 {[%cal Rc6b4]} 10. Qc5 Na5 {[#] Strongly threatening ...e6.} 11. Bxa6 $1 {[%mdl 64] Remove Defender, Decoy} Rxa6 12. Qb5+ {[%mdl 64] Double Attack} Rc6 13. Ne5 {[%mdl 64] Pin} Bd7 14. Nxd7 Nxd7 15. Nxd5 {And now Bd2 would win.} (15. Bd2 $5 {[%cal Rc3d5]} Rc8 16. Nxd5 $11) 15... Rc8 16. Bd2 Nc4 {...e6 is the strong threat.} 17. Rc1 Nd6 {[%cal Rd6b5]} 18. Rxc8 Qxc8 {[#]} 19. Qa6 e6 (19... Qxa6 $5 20. Nc7+ $8 {[%mdl 64] Double Attack} Kd8 21. Nxa6 e5 $11) 20. Qxc8+ Nxc8 21. Nc7+ Kd8 {[#]} 22. Ba5 $146 ({Predecessor:} 22. Na6 Ncb6 23. a5 Nc4 24. b4 Kc8 25. Nc5 Bxc5 26. dxc5 Nf6 27. Ke2 Kc7 28. Bc3 {0-1 (47) Ward,R (2233)-Gertners,G (2271) ICCF email 2007}) 22... Bb4+ 23. Bxb4 {Black must now prevent Ba5.} Kxc7 24. Ke2 Na7 25. Rc1+ Nc6 26. Bc3 Ra8 27. b3 Nf6 28. f3 Nd5 29. Bd2 Kd7 30. Kd3 Rb8 31. Kc2 f5 32. Rd1 f4 33. e4 Ne3+ ({And not} 33... Nxd4+ 34. Kd3 $16) 34. Bxe3 fxe3 35. Kc3 Rc8 {aiming for ...Ne5+.} 36. Re1 $2 {[%mdl 8192]} (36. Kd3 $17) 36... Ne5+ $1 {Weighted Error Value: White=0.32/Black=0.04} 0-1

[Event "1st Easter Festival-A 2021"]
[Site "Bassano del Grappa"]
[Date "2021.04.04"]
[Round "8.3"]
[White "Bernadskiy, Vitaliy"]
[Black "Sonis, Francesco"]
[Result "1-0"]
[WhiteElo "2599"]
[BlackElo "2477"]
[Annotator "TA"]
[PlyCount "83"]
[EventDate "2021.04.01"]
[EventType "swiss"]
[EventCountry "ITA"]
[SourceTitle "playchess.com"]
[Source "ChessBase"]
[SourceQuality "1"]

{[%evp 9,83,2,-3,0,28,20,31,26,35,0,39,22,26,14,15,18,25,29,31,20,45,38,47,0,20,24,25,17,21,29,16,27,26,22,22,6,17,9,54,18,43,56,37,41,31,18,55,49,216,74,102,83,75,63,371,346,436,439,416,439,414,408,325,268,247,279,628,622,617,618,579,466,562,566,490,464]} 1. d4 Nf6 2. Bg5 d5 3. Nd2 Bf5 4. e3 e6 5. Ngf3 Be7 6. c4 {D03: 1 d4 d5 2 Nf3 Nf6 3 Bg5, including Torre Attack with early ...d5.} c6 7. Qb3 Qb6 8. c5 {White is slightly better.} Qc7 {[#]} 9. Bd3 $146 ({Predecessor:} 9. Bf4 Qc8 10. Bd3 Bg6 11. O-O Nbd7 12. h3 b6 13. cxb6 axb6 14. Rfc1 c5 15. Bb5 {1-0 (28) Andreikin,D (2726)-Motylev,A (2641) chess.com INT 2020}) 9... b6 10. cxb6 axb6 11. Bxf5 exf5 12. O-O O-O 13. Rfc1 Rc8 14. Ne5 Qb7 15. Ndf3 Na6 16. Qc2 g6 $1 17. Nxc6 Kg7 18. a3 Ng8 19. Bf4 Bf8 {White should prevent ...Ne7.} 20. b4 Nxb4 21. axb4 Rxc6 22. Qd2 Rc4 23. b5 $36 {[%mdl 2048] White has good play.} Qc8 24. h3 (24. Ne5 {seems wilder.} Rc2 25. Qd1 g5 26. Bg3 Nf6 27. h4) 24... Bb4 25. Qd1 {And now Ne5 would win.} Rxa1 26. Rxa1 {Hoping for Ne5.} f6 27. Ne1 Qd7 28. Nd3 Bc3 $2 ({Better is} 28... Ne7 $14) 29. Ra8 (29. Ra6 $1 $18) 29... Ne7 $16 30. Qf3 Rc8 31. Bb8 {Threatens to win with Ra7.} Qe8 $2 {[%mdl 8192]} (31... Qxb5 $2 32. Ra7 $18) (31... Qd8 $1 $14) 32. Qg3 Qd8 {[#]} ({But not} 32... Qxb5 33. Ra7 $1 $18) 33. Ra7 $1 {Bd6 is the strong threat.} Rxb8 {[#]} 34. Rxe7+ $1 {[%mdl 576] Deflection} Qxe7 35. Qxb8 Ba5 36. Qc8 g5 37. Qxf5 Qe4 $2 (37... Qf7 38. Kf1 Qh5 39. Qd7+ Kf8 40. Qd8+ Kg7) 38. Qxe4 $18 {White is clearly winning.} dxe4 {[#]} 39. Nb2 {[%cal Rb2c4]} Kf7 40. Kf1 Ke6 41. Nc4 h5 42. g3 {Weighted Error Value: White=0.15/Black=0.43} 1-0

[Event "1st Easter Festival-A 2021"]
[Site "Bassano del Grappa"]
[Date "2021.04.04"]
[Round "8.4"]
[White "Basso, Pier Luigi"]
[Black "Martin Duque, Jesus"]
[Result "1/2-1/2"]
[WhiteElo "2521"]
[BlackElo "2439"]
[Annotator "TA"]
[PlyCount "71"]
[EventDate "2021.04.01"]
[EventType "swiss"]
[EventCountry "ITA"]
[SourceTitle "playchess.com"]
[Source "ChessBase"]
[SourceQuality "1"]

{[%evp 10,71,0,0,0,0,0,0,25,20,8,19,17,9,73,30,54,52,51,15,20,10,16,10,25,6,8,7,20,19,16,0,0,0,0,0,0,0,0,0,0,0,0,0,0,0,0,0,0,0,16,0,0,0,0,0,0,0,0,0,0,0,0,0]} 1. d4 Nf6 2. c4 e6 3. Nc3 Bb4 4. f3 c5 5. d5 O-O 6. e4 b5 {E20: Nimzo-Indian: 4 g3 and 4 f3.} 7. Nh3 bxc4 8. Bxc4 Ba6 9. Bxa6 Nxa6 10. O-O c4 {[#]} 11. Bg5 $146 ({Predecessor:} 11. Kh1 Qa5 12. Bd2 exd5 13. a3 Bxc3 14. Bxc3 Qb6 15. exd5 Nc5 16. Nf4 Rfe8 17. d6 {0-1 (36) Degraeve,R (2328)-Defromont,B (2236) Europe Chess INT 2020}) 11... d6 (11... h6 $11 {remains equal.} 12. Bh4 Be7) 12. Kh1 h6 13. Bxf6 Qxf6 14. Qa4 Bxc3 15. bxc3 Nc5 16. Qxc4 Rfc8 17. Rab1 Rab8 {The position is equal.} 18. dxe6 Nxe6 19. Rxb8 Rxb8 20. Qa6 Qxc3 21. Qxa7 Rb2 22. Qa8+ Kh7 23. Qd5 (23. Qa7 {is interesting.} Kg8) 23... Rd2 (23... Qa3 {seems wilder.} 24. Qf5+ Kg8 25. Nf4 Qxa2 26. Rg1 Nxf4 27. Qxf4 Rd2) 24. Qb3 Qd4 25. a4 Rb2 26. Qd5 Qxd5 27. exd5 $11 {[%mdl 4096] Endgame KRN-KRN} Nc5 28. Ra1 Nb3 29. Ra3 {[#] And now a5 would win.} Rb1+ 30. Ng1 {Black should prevent a5.} Na5 31. g4 Rd1 32. Kg2 Rxd5 33. Ra2 Nc4 34. Ne2 Ra5 35. Kf2 d5 36. h4 {Weighted Error Value: White=0.04/Black=0.06} 1/2-1/2

[Event "1st Easter Festival-A 2021"]
[Site "Bassano del Grappa"]
[Date "2021.04.04"]
[Round "8.5"]
[White "Palozza, Christian"]
[Black "Shetty, Atulya"]
[Result "0-1"]
[WhiteElo "2263"]
[BlackElo "2447"]
[Annotator "TA"]
[PlyCount "104"]
[EventDate "2021.04.01"]
[EventType "swiss"]
[EventCountry "ITA"]
[SourceTitle "playchess.com"]
[Source "ChessBase"]
[SourceQuality "1"]

{[%evp 13,104,0,17,16,24,0,0,0,0,0,0,-1,0,0,0,0,0,0,10,0,0,-14,-16,-19,-19,-9,-5,-24,-24,-24,-22,-41,-29,-41,-41,-40,-40,-66,-40,-40,-40,-47,-47,-50,-47,-47,-46,-47,-47,-65,-47,-87,-99,-98,-47,-99,-99,-99,-99,-99,-99,-200,0,0,0,-181,-182,-175,-150,-829,-802,-1290,-1278,-29954,-29955,-29938,-29939,-12817,-12821,-6643,-5097,-29980,-29981,-29991,-29990,-29993,-29990,-29994,-29990,-29995,-29995,-29996,-29997]} 1. d4 d5 2. c4 c6 3. Nf3 Nf6 4. Qc2 dxc4 5. Qxc4 Bf5 6. g3 e6 7. Bg2 Be7 8. O-O {D23: Queen's Gambit Accepted: 3 Nf3 Nf6 sidelines.} O-O 9. Qb3 Qb6 10. Nbd2 {The position is equal.} Rd8 11. Nc4 Qa6 12. Bg5 {[#]} h6 $146 ({Predecessor:} 12... Nbd7 13. Rfe1 h6 14. Bf4 Nb6 15. Nce5 Qa4 16. Bd2 Be4 17. Qxa4 Nxa4 18. b3 Nb6 {1-0 (50) Vachier Lagrave,M (2778)-Caruana,F (2835) chess24.com INT 2020}) 13. Bxf6 Bxf6 14. Rfd1 Be4 15. Nfe5 Bxg2 16. Kxg2 Nd7 17. e3 Bxe5 18. Nxe5 Nxe5 19. dxe5 c5 20. Rd6 Rxd6 21. exd6 Qxd6 22. Qxb7 $11 {[%mdl 4096] Endgame KQR-KQR} Rb8 23. Rd1 {[#]} Qxg3+ $1 24. hxg3 Rxb7 $15 {KR-KR} 25. Rd8+ Kh7 26. b3 Rc7 27. Kf3 Kg6 28. Rd6 c4 29. bxc4 Rxc4 30. Ra6 $1 Rc7 31. Ke4 Kf6 32. g4 Kg5 33. Kf3 f5 (33... Kh4 $1 $17) 34. Rxe6 ({White should try} 34. Kg3 $15) 34... fxg4+ $17 35. Kg3 h5 {aiming for ...h4+.} 36. Re5+ Kh6 $1 37. Re6+ (37. Ra5 $17) 37... Kg5 $2 ({Black should play} 37... g6 $1 $19 38. Ra6 Rf7) 38. Re5+ $11 Kh6 $2 (38... Kg6 $11) 39. Re6+ $1 $19 g6 $1 40. Ra6 Rf7 41. a4 $2 {Loses the game.} (41. e4 $17) 41... Kg5 $1 42. Ra5+ {[#]} Rf5 $1 43. Rxa7 h4+ 44. Kg2 h3+ 45. Kg1 {[#]} g3 $1 46. fxg3 Kg4 47. Rb7 Kxg3 {Black mates.} 48. Rb1 g5 49. Ra1 g4 50. e4 Rf3 51. a5 h2+ 52. Kh1 Kh3 {Weighted Error Value: White=0.64/Black=0.06} 0-1

[Event "1st Easter Festival-A 2021"]
[Site "Bassano del Grappa"]
[Date "2021.04.04"]
[Round "8.6"]
[White "Moroni, Luca Jr"]
[Black "Deuer, Marius"]
[Result "1-0"]
[WhiteElo "2552"]
[BlackElo "2231"]
[Annotator "TA"]
[PlyCount "73"]
[EventDate "2021.04.01"]
[EventType "swiss"]
[EventCountry "ITA"]
[SourceTitle "playchess.com"]
[Source "ChessBase"]
[SourceQuality "1"]

{[%evp 21,73,27,41,33,35,33,37,36,38,45,51,46,58,62,50,62,108,133,116,127,134,125,148,154,160,148,235,241,231,244,237,237,190,200,310,313,299,297,338,320,351,370,1256,1118,1287,1216,2482,1881,5569,5476,5406,5377,1862,1707]} 1. c4 Nf6 2. Nc3 c5 3. Nf3 Nc6 4. d4 cxd4 5. Nxd4 g6 6. e4 d6 7. Be2 Bg7 8. Be3 O-O 9. O-O Bd7 10. h3 Nxd4 11. Bxd4 Bc6 12. Qc2 {B38: Sicilian: Maroczy Bind with 5...Bg7 and 7...0-0.} a5 13. Rad1 Nd7 14. Bxg7 {White is slightly better.} Kxg7 15. Bg4 Ne5 16. c5 Nxg4 17. hxg4 Qc8 18. cxd6 exd6 {White leaves nothing to chance now.} 19. f3 Rd8 20. Rd4 Qe6 21. Rfd1 b5 22. a3 {[#]} Rab8 $146 ({Predecessor:} 22... Rac8 23. Qd2 Qb3 24. Rd3 Bb7 25. e5 d5 26. Ne4 Qc2 27. Nd6 Qxd2 28. R3xd2 Rb8 {1-0 (42) Perunovic,M (2597)-Cirovic,M (2226) Podgorica 2019}) 23. Ne2 $36 {[%mdl 2048] White has strong initiative.} Ba8 (23... Rdc8 $16 {was necessary.}) 24. Qc3 $18 {Rxd6+ is the strong threat.} Rdc8 25. Rc4+ ({Worse is} 25. Rxd6+ Rxc3 26. Rxe6 Re3 $11) 25... Kg8 26. Rxc8+ Rxc8 {[#]} 27. Rxd6 $3 {[%mdl 512]} Qe8 (27... Rxc3 $142 28. Rxe6 fxe6 29. Nxc3 (29. bxc3 Bc6 $18) 29... Bc6) 28. Qxa5 Qe7 29. Qd2 Bc6 30. g5 Be8 31. Nc3 Rc4 $2 {[#]} (31... Bc6 32. Qf4 Kf8) 32. Nd5 $1 {[%mdl 512] White is clearly winning.} Qa7+ (32... Rc1+ 33. Kf2) 33. Kh2 {Threatening mate with Nf6+.} Qb8 34. Nf6+ Kg7 35. b3 Rc6 36. Nxe8+ Kf8 {[#]} 37. e5 $1 {Weighted Error Value: White=0.01/Black=0.26} 1-0